000 00555nam a2200181 a 4500
005 20150113093600.0
008 140217b2009 ck ||||| |||| 00| 0 spa d
040 _aCO-BoIAVH
_cCO-BoIAVH
041 _aspa
044 _ack
090 _aIAVH
_b01362
100 _aFajardo Gutiérrez, Francisco
_96033
245 _aRestauración ecológica Resguardo indígena de Chiles
_bInforme final de resultados Noviembre 2008 - Junio 2009
260 _aBogotá
_bIAVH
_c2009
300 _a57 p.
662 _cPáramo de Chiles
_dCumbal
_bNariño
942 _cINFORME
_2z
999 _c7065
_d7065